| 000 | 00654nam a2200193Ia 4500 | ||
|---|---|---|---|
| 008 | 140925s9999 xx 000 0 und d | ||
| 020 | _a1814-0556 | ||
| 100 | _aMarshall, Stewart. | ||
| 245 |
_aInternational Journal of Education and Development using Information and Communication Technology / _cStewart Marshall. _h[electronic resource] |
||
| 260 | _bOpen Access Research, | ||
| 516 | _aElectronic text | ||
| 650 | _aEducational Development. | ||
| 650 | _aInformation Technology. | ||
| 650 | _aJournal. | ||
| 830 | _aOpen Access Research | ||
| 856 | _uhttp://ijedict.dec.uwi.edu//index.php | ||
| 942 | _cEJ | ||
| 999 |
_c275710 _d275710 |
||